000 00680nam a2200277 a 4500
003 AR-BaBNM
005 20251128210233.0
008 082120s2002 ||||||||||||||000 | spa||
020 _a84-206-4672-5
040 _cAR-BaBNM
100 1 _aFreud, Sigmund
245 0 0 _aLos sueños
260 _aMadrid
_bAlianza Editorial
_c1995
300 _a93 p.
490 0 _aAlianza Cien
_vv. 72
650 4 _aPSICOANALISIS
650 4 _aCONDUCTA
650 4 _aSUEÑO
650 4 _aINCONSCIENTE
650 4 _aENFERMEDADES MENTALES
650 4 _aESTIMULO
650 4 _aSENSACION
700 1 _aLópez-Ballesteros y de Torres, Luis
_etraductor
942 _cBK
998 _cMARTIN
999 _c14613
_d14613